Normal view
MARC view
- KHAN, NASIM AKHTAR
Entry Personal Name
001 - CONTROL NUMBER
- control field: 78176
003 - CONTROL NUMBER IDENTIFIER
- control field: NUST
005 - DATE AND TIME OF LATEST TRANSACTION
- control field: 20210628210120.0
008 - FIXED-LENGTH DATA ELEMENTS
- fixed length control field: 210628|| aca||aabn | a|a d
040 ## - CATALOGING SOURCE
- Original cataloging agency: NUST
- Transcribing agency: NUST
100 ## - HEADING--PERSONAL NAME
- Personal name: KHAN, NASIM AKHTAR
670 ## - SOURCE DATA FOUND
- Source citation: Work cat.: (NUST): KHAN, NASIM AKHTAR, SOLAR ENERGY,A GUIDE AND DATA BOOK FOR PAKISTAN, 1986
